ordering international politics (Record no. 2060)
[ view plain ]
| 000 -LEADER | |
|---|---|
| fixed length control field | 00676nac a22001811u 4500 |
| 020 ## - INTERNATIONAL STANDARD BOOK NUMBER | |
| International Standard Book Number | 0415948975 |
| 028 ## - PUBLISHER NUMBER | |
| Source | www.bl.uk |
| 082 ## - DEWEY DECIMAL CLASSIFICATION NUMBER | |
| Classification number | 327.1 22 |
| Item number | M4298 |
| 090 ## - LOCALLY ASSIGNED LC-TYPE CALL NUMBER (OCLC); LOCAL CALL NUMBER (OCLC) | |
| -- | 2060 |
| -- | 2060 |
| 100 ## - MAIN ENTRY--PERSONAL NAME | |
| Personal name | mattern , janice biall |
| 245 ## - TITLE STATEMENT | |
| Title | ordering international politics |
| Remainder of title | identity , crisis,and representational force |
| 260 ## - PUBLICATION, DISTRIBUTION, ETC. (IMPRINT) | |
| Place of publication, distribution, etc | great britain |
| Name of publisher, distributor, etc | routledge,2005 |
| Date of publication, distribution, etc | 2005 |
| 300 ## - PHYSICAL DESCRIPTION | |
| Extent | xi, 303 p. : |
| Other physical details | ill. ; |
| Dimensions | 24 cm |
| 504 ## - BIBLIOGRAPHY, ETC. NOTE | |
| Bibliography, etc | Includes bibliographical references and index. |
| 600 ## - SUBJECT ADDED ENTRY--PERSONAL NAME | |
| Personal name | janice bially mattern |
| 942 ## - ADDED ENTRY ELEMENTS (KOHA) | |
| Item type | Book - Borrowing |
| Call number prefix | 327.1 22M4298 |
| Withdrawn status | Item status | Damaged status | Not for loan | Home library | Current library | Shelving location | Date acquired | Source of acquisition | Total Checkouts | Full call number | Barcode | Date last seen | Koha item type |
|---|---|---|---|---|---|---|---|---|---|---|---|---|---|
| Central Library | Central Library | First floor | 07/02/2008 | Purchase | 327.122 MAT | 000002273 | 15/07/2025 | Book - Borrowing |